La Deputació del general de Catalunya en los siglos XV y XVI /
Descripción Física:
Il·lustracions
Colección:
San Jorge,
; núm. 2 (abril 1951), pàg. 48-49
Idioma:
Español
MARC
| LEADER | 00000naa a2200000 a 4500 | ||
|---|---|---|---|
| 003 | Arxiu | ||
| 005 | 20260324181032.0 | ||
| 008 | 160829s1951 spcaxx s spa c | ||
| 040 | |a agdb | ||
| 100 | 1 | |a Castillo, Alberto del, |d 1899-1976 |9 29407 | |
| 245 | 1 | 3 | |a La Deputació del general de Catalunya en los siglos XV y XVI / |c Alberto del Castillo |
| 300 | |b Il·lustracions | ||
| 490 | |a San Jorge, |v núm. 2 (abril 1951), pàg. 48-49 | ||
| 610 | 1 | 0 | |a Catalunya. |b Diputació del General |x Obres anteriors al 1800 |9 54548 |
| 773 | |t San Jorge. |g Núm. 2 (abril 1951), pàg. 48-49 | ||
| 901 | |a Arxiu | ||
| 942 | |n 1 |2 udc |c ART | ||
| 952 | |0 0 |1 0 |4 0 |7 1 |9 64530 |a Arxiu |b Arxiu |d 2022-11-30 |o Rev-508 |r 2022-11-30 00:00:00 |w 2022-11-30 |y ARXIU |z També disponible a Rev-521 | ||
| 999 | |c 47904 |d 47904 | ||